Iluminación en la fotografía digital: los secretos del flash y la luz natural (Registro nro. 7992)
[ vista simple ]
| 000 -Cabecera | |
|---|---|
| Campo de control de longitud fija | 00660nam a2200253 c 4500 |
| 005 - Fecha y hora de la última transacción | |
| Campo de control | 20240812142555.0 |
| 008 - Elementos de longitud fija--Información general | |
| Campo de control de longitud fija | 130226s2013 sp a | |||| 001 0 spa |
| 020 ## - International Standard Book Number | |
| Número Internacional Estándar del Libro (ISBN) | 9788441533448 |
| 041 1# - Idioma | |
| Código de idioma | Español |
| 082 ## - Clasificación Decimal Dewey | |
| Número de clasificación | 775 A681i |
| 100 1# - Entrada principal--Autor personal | |
| Nombre personal | Arena, Syl |
| 9 (RLIN) | 8242 |
| 245 10 - Título propiamente dicho | |
| Título | Iluminación en la fotografía digital: los secretos del flash y la luz natural |
| 260 ## - Pie de imprenta | |
| Lugar de publicación, distribución, etc. | España |
| 260 ## - Pie de imprenta | |
| Nombre del editor, distribuidor, etc. | Anaya |
| 260 ## - Pie de imprenta | |
| Fecha de publicación, distribución, etc. | 2013 |
| 300 ## - Descripción física | |
| Extensión | 271 páginas |
| 650 #7 - Materia general | |
| Temática (materia general) | FOTOGRAFÍA DIGITAL |
| 650 #7 - Materia general | |
| Temática (materia general) | ILUMINACIÓN |
| 650 #7 - Materia general | |
| Temática (materia general) | MÁQUINA PARA CAPTAR |
| 650 #7 - Materia general | |
| Temática (materia general) | ESTUDIO DE IMAGEN |
| 650 #7 - Materia general | |
| Temática (materia general) | UTILIZACIÓN DE LA LUZ |
| 942 ## - Punto de acceso adicional KOHA | |
| Tipo de ítem KOHA | Libro |
| Fuente del sistema de clasificación o colocación | Dewey Decimal Classification |
| Signatura completa | Código de barras | Programa Académico | Tipo de ítem |
|---|---|---|---|
| 775 A681i | 21054 | Dirección de Educación Comunitaria y Asistencia Técnica | Libro |